000 00961nam a2200289Ia 4500
003 GCL
008 140319s9999 xx 000 0 ara d
040 _aGCL /
_cGCL
082 0 4 _aق
_b709.953
_bهـ م
100 1 _aهيئة الاثار المصرية
245 1 0 _aالمؤتمر الدولى الثامن للفن التركى ملخصات الابحاث /
_cهيئة الاثار المصرية
260 _a[S.N] :
_bهيئة الاثار المصرية ،
_c1987
300 _a148 ص
490 _a
650 0 4 _aمصر
650 0 4 _aالعمارة الاسلامية
650 0 4 _aمخطوطات
650 0 4 _aالاثار الاسلامية
650 0 4 _aالمساجد
650 0 4 _aالمنازل
650 0 4 _aالعمارة
650 0 4 _aالقصور
650 0 4 _aالفنون الاسلامية
650 0 4 _aاوقاف
650 0 4 _aالعالم العربى - تاريخ - العصر العثمانى
942 _2ddc
_cBK
999 _c57842
_d57842